000 00987nam a2200217Ia 4500
001 269-FUC (12180)
003 IT-MiSPE
008 171229s9999||||xx |||||||||||||| ||und||
040 _aIT-MiSPE
_cIT-MiSPE
041 _aITALIANO
100 _aFrancesco Malgeri
245 0 _aFUCI: Coscienza universitaria, fatica del pensare, intelligenza della fede
_bUna ricerca lunga 100 anni
250 _a1a ed. (v)
260 _aCinisello B.mo
_bSan Paolo
_c1996
300 _a304 p.
_c22 cm
501 _aEdizioni San Paolo srl - Piazza Soncino, 5 - 20092 CINISELLO BALSAMO (MI) (non commercial uses only) ® Copyright 2018
520 _aAA.VV.
942 _cBK
957 _71
999 _a14308
_bNO
_g Copie: 1
_c345736
_d345736